[Event "Andalucia-chB"]
[Site "Roquetas de Mar"]
[Date "2017.05.20"]
[Round "3"]
[White "Ferrete Rueda, Juan Carlos"]
[Black "Canadas Martin, Borja"]
[Result "1/2-1/2"]
[WhiteElo "1669"]
[BlackElo "1599"]
[PlyCount "115"]
[EventDate "2017.05.19"]
[EventType "swiss"]
[EventRounds "6"]
[EventCountry "ESP"]
[SourceTitle "EXT 2020"]
[Source "ChessBase"]
[SourceDate "2019.10.17"]
[SourceVersion "1"]
[SourceVersionDate "2019.10.17"]
[SourceQuality "1"]

1. e3 Nf6 2. c4 e5 3. g3 Nc6 4. Bg2 Bc5 5. Ne2 d5 6. cxd5 Nxd5 7. a3 Be6 8. Nbc3 Qd7 9. Ne4 Be7 10. 0-0 0-0-0 11. b4 f5 12. Nc5 Bxc5 13. bxc5 g5 14. Rb1 Nce7 15. Bb2 Ng6 16. f4 Rhg8 17. fxe5 h5 18. Bd4 c6 19. Qa4 Kb8 20. Rb2 Rc8 21. Qc2 h4 22. e4 Nde7 23. exf5 Nxf5 24. Bc3 Nge7 25. Be4 Ka8 26. Rbb1 Rcf8 27. Rf2 Rf7 28. Rbf1 Rgf8 29. d3 Ne3 30. Rxf7 Bxf7 31. Qc1 Nxf1 32. Qxf1 Qc8 33. Qg2 Bd5 34. g4 Qe6 35. d4 Bxe4 36. Qxe4 Qd5 37. Qxd5 Nxd5 38. Bd2 Rg8 39. Kg2 Kb8 40. Ng1 Nc7 41. a4 Kc8 42. Kf3 Kd7 43. Ke4 Ne6 44. Nf3 b6 45. cxb6 axb6 46. a5 b5 47. Bb4 Rg7 48. Bd6 Rf7 49. a6 Kc8 50. a7 Rxa7 51. Kf5 Kd7 52. Nxg5 Nxd4+ 53. Kf6 Ra1 54. Ne4 Rf1+ 55. Kg6 Ne6 56. Nf6+ Kd8 57. Kf7 Ng5+ 58. Kg6 1/2-1/2

[Event "ESP-ch U10"]
[Site "Granada"]
[Date "2016.07.01"]
[Round "8"]
[White "Canadas Martin, Borja"]
[Black "Vergara Anton, Diego"]
[Result "1/2-1/2"]
[WhiteElo "1392"]
[BlackElo "1420"]
[PlyCount "107"]
[EventDate "2016.06.27"]
[EventType "swiss"]
[EventRounds "9"]
[EventCountry "ESP"]
[SourceTitle "EXT 2024"]
[Source "ChessBase"]
[SourceDate "2023.10.10"]
[SourceVersion "1"]
[SourceVersionDate "2023.10.10"]
[SourceQuality "1"]

1. Nf3 c5 2. g3 d6 3. Bg2 g6 4. 0-0 Bg7 5. d3 e6 6. e4 Nc6 7. c3 Nge7 8. Be3 0-0 9. Qd2 Rb8 10. Bh6 b5 11. Bxg7 Kxg7 12. d4 Ba6 13. Re1 b4 14. b3 Qb6 15. d5 Nd8 16. c4 e5 17. Qc2 f5 18. Nbd2 Bc8 19. Qb2 Qc7 20. Re2 f4 21. a3 a5 22. axb4 axb4 23. Nf1 Bg4 24. N1d2 Kg8 25. h3 Bd7 26. g4 Nf7 27. Ree1 Ra8 28. Nh2 Ng5 29. f3 h5 30. h4 Nh7 31. g5 Rfb8 32. Rxa8 Rxa8 33. Ra1 Qb7 34. Nhf1 Ra6 35. Nb1 Qa7 36. Rxa6 Qxa6 37. Nfd2 Nc8 38. Kh2 Nb6 39. Kg1 Nf8 40. Bf1 Bc8 41. Kh2 Bd7 42. Bh3 Bxh3 43. Kxh3 Qc8+ 44. Kg2 Qa6 45. Nf1 Nfd7 46. Kf2 Nf8 47. Ke1 Nfd7 48. Kd1 Nf8 49. Kc1 Nfd7 50. Nbd2 Nf8 51. Kb1 Nfd7 52. Nh2 Nf8 53. Qa2 Qxa2+ 54. Kxa2 1/2-1/2

[Event "ESP-ch U10"]
[Site "Granada"]
[Date "2016.06.29"]
[Round "4"]
[White "Canadas Martin, Borja"]
[Black "Revaliente Montoya, Ciro"]
[Result "1/2-1/2"]
[WhiteElo "1392"]
[BlackElo "1822"]
[PlyCount "127"]
[EventDate "2016.06.27"]
[EventType "swiss"]
[EventRounds "9"]
[EventCountry "ESP"]
[SourceTitle "EXT 2024"]
[Source "ChessBase"]
[SourceDate "2023.10.10"]
[SourceVersion "1"]
[SourceVersionDate "2023.10.10"]
[SourceQuality "1"]

1. b3 Nf6 2. Bb2 g6 3. Nf3 Bg7 4. g3 0-0 5. Bg2 d6 6. 0-0 e5 7. d3 Nfd7 8. e4 a5 9. a4 Nc5 10. Nbd2 c6 11. Ne1 f5 12. Nef3 fxe4 13. dxe4 Be6 14. h3 Nbd7 15. Ne1 Nf6 16. Qe2 Rb8 17. Nd3 Nxd3 18. Qxd3 Qd7 19. Kh2 Qc7 20. Nc4 Rfd8 21. Rad1 d5 22. exd5 Nxd5 23. Qe2 Bf5 24. Bxe5 Bxe5 25. Nxe5 Bxc2 26. Bxd5+ cxd5 27. Rc1 Rbc8 28. f4 d4 29. Rf2 d3 30. Nxd3 Rxd3 31. Rxc2 Qxc2 32. Qxc2 Rxc2 33. Rxc2 h6 34. Rb2 Rd4 35. Kg2 Rb4 36. h4 h5 37. Kh3 Kf7 38. f5 gxf5 39. Rf2 Kf6 40. Rf3 Ke5 41. Kg2 b6 42. Re3+ Re4 43. Kf3 Kd4 44. Rxe4+ fxe4+ 45. Ke2 e3 46. g4 hxg4 47. h5 g3 48. h6 g2 49. h7 g1Q 50. h8Q+ Kd5 51. Qd8+ Ke5 52. Qh8+ Kd5 53. Qd8+ Kc5 54. Qf8+ Kd4 55. Qf6+ Kc5 56. Qc3+ Kd5 57. Qd3+ Kc5 58. Qb5+ Kd4 59. Qxb6+ Kc3 60. Qxa5+ Kxb3 61. Qb5+ Ka3 62. Qc5+ Kxa4 63. Qxe3 Qxe3+ 64. Kxe3 1/2-1/2